Retrato del artista cachorro (Registro nro. 22952)
[ vista simple ]
| 000 -CABECERA | |
|---|---|
| Longitud fija campo de control | 00665nam a2200217 a 4500 |
| 003 - IDENTIFICADOR DELl NÚMERO DE CONTROL | |
| Identificador del número de control | OSt |
| 005 - FECHA Y HORA DE LA ÚLTIMA TRANSACCIÓN | |
| Fecha y hora de la última transacción | 20151021174446.0 |
| 008 - CÓDIGOS DE INFORMACIÓN DE LONGITUD FIJA | |
| Códigos de información de longitud fija | 020226s1985 esp 0001 spa d |
| 020 ## - NÚMERO INTERNACIONAL NORMALIZADO PARA LIBROS | |
| Número Internacional Normalizado para Libros (ISBN) | 84-322-2036-1 |
| 040 ## - FUENTE DE LA CATALOGACIÓN | |
| Centro transcriptor | BMC |
| 082 ## - NÚMERO DE LA CLASIFICACIÓN DECIMAL DEWEY | |
| Númeroo de clasificación | 823 |
| 100 1# - PUNTO DE ACCESO PRINCIPAL-NOMBRE DE PERSONA | |
| Nombre de persona | Thomas, Dylan |
| 9 (RLIN) | 29618 |
| Fechas asociadas al nombre | 1914-1953 |
| 245 10 - MENCIÓN DE TÍTULO | |
| Título | Retrato del artista cachorro |
| Mención de responsabilidad, etc. | Dylan Thomas; [traducción, Juan Angel Cotta] |
| 260 ## - PUBLICACIÓN, DISTRIBUCIÓN, ETC. (PIE DE IMPRENTA) | |
| Lugar de publicación, distribución, etc. | Barcelona |
| Nombre del editor, distribuidor, etc. | Seix Barral |
| Fecha de publicación, distribución, etc. | 1985 |
| 300 ## - DESCRIPCIÓN FÍSICA | |
| Extensión | 181 p., [2] h. |
| Dimensiones | 19 cm |
| 490 0# - MENCIÓN DE SERIE | |
| Mención de serie | Literatura contemporánea |
| Designación de volumen o secuencia | 32 |
| 546 ## - NOTA DE LENGUA | |
| Nota de lengua | Traducción de: Portrait of the artist as a young doc |
| 650 24 - PUNTO DE ACCESO ADICIONAL DE MATERIA - TÉRMINO DE MATERIA | |
| 9 (RLIN) | 11162 |
| Término de materia o nombre geográfico como elemento inicial | Novela inglesa |
| 700 1# - PUNTO DE ACCESO ADICIONAL - NOMBRE DE PERSONA | |
| Nombre de persona | Cotta, Juan Angel |
| 9 (RLIN) | 36767 |
| 942 ## - ENTRADA DE ELEMENTOS AGREGADOS (KOHA) | |
| Fuente de clasificaión o esquema | Dewey Decimal Classification |
| Koha [por defecto] tipo de item | 1- Monografias |
| Suprimido | Perdido | Fuente de clasificación o esquema | Estropeado | Restricciones de uso | No para préstamo | Código de colección | Localización permanente | Localización actual | Localización en estanter&íacute;as | Fecha adquisición | Fuente de adquisición | Número de inventario | Préstamos totales | Renovaciones totales | Signatura completa | Código de barras | Fecha última consulta | Fecha último préstamo | Coste, precio reemplazado | Fecha del precio de reemplazo | Tipo de item de Koha |
|---|---|---|---|---|---|---|---|---|---|---|---|---|---|---|---|---|---|---|---|---|---|
| NULL | NULL | Dewey Decimal Classification | NULL | Prestable | NULL | NULL | Biblioteca Miguel de Cervantes - UNICAES | Biblioteca Miguel de Cervantes - UNICAES | Sala Principal | 16/10/2015 | Donación - ADESH | 030576 | 1 | 1 | N THO ret | 1034541 | 21/11/2023 | 15/11/2023 | 13.00 | 16/10/2015 | 1- Monografias |